Higiene de los alimentos, microbiología y haccp /
Guardado en:
| Autor Principal: | |
|---|---|
| Formato: | Libro |
| Publicado: |
Zaragoza :
Acribia,
1999
|
| Edición: | 2a. ed. |
| Materias: | |
| Etiquetas: |
Agregar Etiqueta
Sin Etiquetas, Sea el primero en etiquetar este registro!
|
| LEADER | 01205nam a22002415a 4500 | ||
|---|---|---|---|
| 001 | CEM.cems017488 | ||
| 005 | 20110815130009.0 | ||
| 008 | 130507s1999##################000#0#####d | ||
| 003 | CEMS | ||
| 020 | |a 9788420009865 | ||
| 082 | 0 | 4 | |a 664.8 |
| 100 | 1 | |a Forsythe, S. J. | |
| 245 | 1 | 0 | |a Higiene de los alimentos, microbiología y haccp / |c S. J. Forsythe y P. R. Hayes |
| 250 | |a 2a. ed. | ||
| 260 | |a Zaragoza : |b Acribia, |c 1999 | ||
| 300 | |a 489 p. | ||
| 505 | 0 | |a Principios fundamentales de microbiología -- Toxiinfecciones alimentarias y otros peligros transmitidos por los alimentos -- Deterioro alimenticio -- Métodos de examen microbiológico -- Diseño y construcción de la fábrica -- Disposición de la fábrica -- Diseño del equipo de procesado de alimentos -- HACCP y calidad del producto -- Limpieza y desinfección: métodos -- Limpieza y desinfección: aplicaciones prácticas -- Higiene y aprendizaje del personal -- Programas y legislación mundiales de seguridad alimentaria | |
| 653 | |a Microbiología | ||
| 653 | |a Alimentos-higiene | ||
| 653 | |a Haccp | ||
| 653 | |a Alimentos-control de calidad | ||
| 653 | |a Botulismo | ||
| 859 | |a CEMS |b BIB. CEMS - Agricultura |h 664.8 |i F775a2 |p A1280.11 |t Ej.1 | ||
